| 000 | 03512nmm a2200373 a 4500 | ||
|---|---|---|---|
| 003 | CO-BoRNBP | ||
| 005 | 20250729215647.0 | ||
| 007 | ta | ||
| 008 | 00003022007 ck g spa spa | ||
| 020 | _a9789588203201 | ||
| 020 | _a95882032001 | ||
| 040 |
_aCO-BoRNBP _bspa _erda _cCO-BoRNBP |
||
| 041 | _aspa | ||
| 082 | 0 | 4 |
_aR 636.4 R744m _222 |
| 100 | 1 |
_aRoldán G., Juan Carlos _eautor |
|
| 245 | 0 |
_aManual de explotación y reproducción en porcinos _c/ Juan Carlos Roldán G. ...[ y otros cuatro]; fotografía Felipe Durán Ramírez, Luis Felipe Durán Naranjo, Jonathan Durán Naranjo director editorial Felipe Durán Ramírez _hrecurso electrónico |
|
| 250 | _aSegunda edición | ||
| 264 |
_aBogotá, Colombia _b: Grupo Latino _c, 2007 |
||
| 300 |
_a192 páginas _bilustraciones a color _c26 centímetros |
||
| 336 |
_atexto _btxt _2rdacontent |
||
| 337 |
_asin mediación _bn _2rdamedia |
||
| 338 |
_avolumen _bnc _2rdacarrier |
||
| 490 | _aVolvamos al campo | ||
| 500 | _aIncluye índice | ||
| 504 | _aIncluye referencias bibliográficas | ||
| 520 | _aLa obra consta de siete capítulos en los cuales se hace una descripción de las características anatómicas de los porcinos, la función que desempeñan los diferentes órganos en cada sistema con el fin de dar un tratamiento acorde a su funcionamiento. asimismo, se presenta de manera pormenorizada la actividad reproductiva tanto del verraco como de la hembra, contemplando las diversas fases del desarrollo, el comportamiento hormonal, las características de la monta y preñez, los instrumentos y técnicas utilizadas durante la gestación, al igual que los cuidados en el momento del parto y la lactancia de los lechones. se hace especial énfasis en la inseminación artificial como la técnica de reproducción que permite al pequeño y mediano porcinocultor, mejorar la productividad de su granja, teniendo en cuenta que el cerdo es el animal de mayor prolificidad, lo cual permite una selección efectiva de las razas según su propósito. por otra parte se dan a conocer los avances logrados en clonación de porcinos y las expectativas que en este sentido tiene la comunidad económica. el punto de partida para el éxito de una explotación porcina radica en sus instalaciones, aquí se enseña cómo diseñar y construir unas instalaciones económicas, funcionales que faciliten los procesos para un adecuado manejo y preservación de la sanidad de los porcinos, además se dan a conocer las instrucciones pertinentes para la construcción de diversas clases de biodigestores de manera que se pueda aprovechar el estiércol como fuente de energía para la granja porcícola. la selección de las razas ha sido una preocupación primordial a través de la historia, pues estas son determinantes para alcanzar una mejor productividad y rentabilidad en todos los órdenes. aquí; además de conocer las razas porcinas del mundo, se describen los distintos cruces y su comportamiento en américa latina dadas las condiciones climáticas de nuestro suelo y la diversidad de nutrimentos que se ofrecen. | ||
| 650 | 1 | 4 |
_aCria de cerdos _2LEMB _vrecurso electrónico _990789 |
| 650 | 1 |
_aCría de cerdos _2LEMB _vManuales _vrecurso electrónico _990790 |
|
| 650 | 1 | 4 |
_aCerdos _2LEMB _xCría y desarrollo _vrecurso electrónico _990858 |
| 700 | 1 |
_aDurán Ramírez, Felipe _97601 _efotografía |
|
| 700 | 1 |
_aDurán Naranjo, Luis Felipe _efotografía |
|
| 700 | 1 |
_aDurán Naranjo, Jonathan _efotografía |
|
| 942 |
_2ddc _cREF |
||
| 999 |
_c1512 _d1512 |
||